1812 1876 1927 1684 1613 1453 1095 1537 1706 1380 1653 1963 1687 1762 1124 1480 1569 1331 1742 1410 1793 1820 1270 1686 1942 1529 1404 1748 1711 1402 1957 1773 1237 1022 1118 1333 1295 1800 1509 1541 1552 1045 1560 1047 1303 1107 1331 1786 1984 1546 1239 1013 1031 1099 1298 1992 1709 1807 1830 1541 1304 1393 1527 1202 1987 1612 1628 1761 1438 1201 1499 1588 1229 1477 1249 1193 1666 1188 1765 1703 1140 1978 1941 1429 1598 1115 1823 1304 1097 1111 1799 1901 1891 1657 1480 1407 1675 1388 1122 BCNSPRNW ULIB Ver.6.0+V

เปลี่ยนเป็นภาษาไทย

Change to English
 แสดงรายละเอียดบรรณานุกรม
  กลับหน้าหลัก

Brief Record : Get Marc (ISO 2709) : E-mail record : QR code < ปิดหน้าต่าง
LEADER : 00000nam 2200000uu 4500
001    13399124712
003     ULIB
008    160121s2536||||th 000 0 tha d
020    ^a9745875937
099    ^aวพ.WQ100^bช185ผ
100 0  ^aชไมพร โนนศรีชัย
245 10 ^aผลของการให้คำปรึกษาทางสุขภาพต่อความวิตกกังวลขณะเผชิญของหญิงตั้งครรภ์ที่ได้รับการเจาะน้ำคร่ำทางหน้าท้องเพื่อการวินิจฉัยก่อนคลอด =^bEffect of health counseling on state anxiety in pregnant women receiving prenatal diagnosis by amniocentesis /^cชไมพร โนนศรีชัย
246 31 ^aEffect of health counseling on state anxiety in pregnant women receiving prenatal diagnosis by amniocentesis
260    ^a^c2536
300    ^aก-ซ, 98 แผ่น ;^c30 ซม.
500    ^aSend to Single Search
502    ^aวิทยานิพนธ์ (วท.ม. (พยาบาลศาสตร์))--มหาวิทยาลัยมหิดล, 2536
610 24 ^aมหาวิทยาลัยมหิดล^xวิทยานิพนธ์
610 24 ^aมหาวิทยาลัยมหิดล. ^bคณะแพทยศาสตร์โรงพยาบาลรามาธิบดี^xวิทยานิพนธ์
650  4 ^aการปรึกษา^xในระยะตั้งครรภ์
650  4 ^aการวินิจฉัยก่อนคลอด
650  4 ^aความวิตกกังวล^xในระยะตั้งครรภ์
650  4 ^aคำปรึกษาทางสุขภาพ
691    ^aวท.ม. (2536)
692    ^aพยาบาลศาสตร์ (มหาวิทยาลัยมหิดล 2536)
700 0  ^aอรพินธ์ เจริญผล,^eที่ปรึกษา
700 0  ^aมาลี เลิศมาลีวงศ์,^eที่ปรึกษา
700 0  ^aประไพ บุรินทรามาตย์,^eที่ปรึกษา
710 2  ^aมหาวิทยาลัยมหิดล
710 2  ^aมหาวิทยาลัยมหิดล. ^bคณะแพทยศาสตร์โรงพยาบาลรามาธิบดี
710 22 ^aมหาวิทยาลัยมหิดล.^tวิทยานิพนธ์
945    ^p0^l0^i008416
999    ^aเกษร โพธิ์สุวรรณ
รายการนี้ยังไม่มีแท็ก
คุณยังไม่ได้ล็อกอิน คุณสามารถมีกิจกรรมร่วมกับเว็บไซต์ได้ แต่ต้องล็อกอินก่อน ::
  ล็อกอิน

รายการสื่อสารสนเทศ

ลำดับที่ ประเภท เลขเรียก/บาร์โค้ด สถานที่ สถานะ
1. วิทยานิพนธ์
วิทยานิพนธ์
วพ.WQ100 ช185ผ ฉ.1 
  Barcode: 008416
ห้องสมุดวิทยาเขตสวรรค์ประชารักษ์
► วิทยานิพนธ์
บนชั้น

รายการใกล้เคียง
    หัวเรื่อง [การวินิจฉัยก่อนคลอด]

BibComment


ยังไม่เคยถูกคอมเมนท์

คอมเมนท์ทรัพยากรรายการนี้
  คอมเมนท์: ผลของการให้คำปรึ..


 Copyright 2026. Bcnsprnw @Library